000 00335nam a22001337a 4500
008 250311b |||||||| |||| 00| 0 eng d
020 _a0671582488
050 _aRZA6898
100 _aBUCKINGHAM, Marcus
245 _aFirst, Break all the Rules
260 _aNew York
_bSimon & Schuster Recording
_c1999
300 _a269p.
942 _cBK
999 _c2250
_d2250